00445nam a22001337a 4500008004100000020001500041050002500056245010900081260002000190300001600210650002800226650003800254650001900292210111b xxu||||| |||| 00| 0 eng d a9251078631 aQP144b.M55 2013 c.1 aMilk and Dairy Products in Human Nutrition cEdited by Ellen Muehlhoff, Anthony Bennett, Deirdre McMahon aRomebFAOc2013 axxvi, 376p. aMilk in human nutrition aDairy products in human nutrition aMilkvanalysis